Purchasing power parity and the Canadian float in the 1950s.

Argumenty, svedčiace o tom, že ani veľké rozdiely v inflácii, ani dlhé časové obdobie nie sú nevyhnutné na dosiahnutie priaznivej parity kúpnej sily, odvodené na základe analýzy situácie medzi USA a Kanadou od októbra 1950 do mája 1961.

Gespeichert in:
Bibliographische Detailangaben
1. Verfasser: Choudhry, T.
Weitere Verfasser: Mac Nown, R., Wallace, M.
Format: Buchkapitel
Sprache:Englisch
Schlagworte:
Tags: Tag hinzufügen
Keine Tags, Fügen Sie das erste Tag hinzu!

MARC

LEADER 00000naa a2200000 4500
001 r007681
005 20221213084537.5
041 0 |a eng 
044 |a US 
245 1 0 |a Purchasing power parity and the Canadian float in the 1950s.  |c T. Choudhry, R. Mac Nown, M. Wallace 
520 |a Argumenty, svedčiace o tom, že ani veľké rozdiely v inflácii, ani dlhé časové obdobie nie sú nevyhnutné na dosiahnutie priaznivej parity kúpnej sily, odvodené na základe analýzy situácie medzi USA a Kanadou od októbra 1950 do mája 1961. 
610 2 0 |a sila kúpna peňazí 
610 2 0 |a USA 
610 2 0 |a Kanada 
610 2 0 |a inflácia 
610 2 0 |a kurz výmenný 
610 2 0 |a údaje štatistické 
610 2 0 |a testy 
610 2 0 |a metódy štatistické 
100 1 |a Choudhry, T. 
700 1 |a Mac Nown, R. 
700 1 |a Wallace, M.